Daňové aspekty vstupu zahraničných investícií do Slovenskej republiky v porovnaní s vybranými krajinami Európskej únie dizertačná práca

Na minha lista:
Detalhes bibliográficos
Autor principal: Jedličková, Eva
Autor Corporativo: Ekonomická univerzita v Bratislave. Národohospodárska fakulta
Outros Autores: Schultzová, Anna
Formato: Livro
Idioma:eslovaco
Publicado em: Bratislava 2005
Assuntos:
Tags: Adicionar Tag
Sem tags, seja o primeiro a adicionar uma tag!

MARC

LEADER 00000nam$a2200000$$$4500
001 0036532
005 20250509105314.4
041 0 |a slo 
044 |a SK 
245 1 0 |a Daňové aspekty vstupu zahraničných investícií do Slovenskej republiky v porovnaní s vybranými krajinami Európskej únie  |b dizertačná práca  |c Eva Jedličková ; školiteľ: Anna Schultzová 
264 1 |a Bratislava  |c 2005 
300 |a 149 s. 
610 2 0 |a investície zahraničné 
610 2 0 |a dane 
610 2 0 |a porovnanie medzinárodné 
610 2 0 |a Európska únia 
610 2 0 |a Slovensko 
100 1 |a Jedličková, Eva 
700 1 |a Schultzová, Anna 
710 2 |a Ekonomická univerzita v Bratislave. Národohospodárska fakulta